| 000 | 00725nam a22001817a 4500 | ||
|---|---|---|---|
| 003 | OSt | ||
| 005 | 20251022082957.0 | ||
| 008 | 251022b |||||||| |||| 00| 0 eng d | ||
| 020 | _a978-0-385-73530-8 | ||
| 040 |
_aDWC-Main lib. _cOC |
||
| 082 | _aFic. S428s 2009 | ||
| 100 | _aMichael Scott | ||
| 245 |
_aThe sorceress _b: the secrets of the immortal Nicholas Flamel _cMichael Scott |
||
| 260 |
_aunited States _b: Delacorte Press _c, c2009. |
||
| 300 |
_a502 p. _c: 20cm. |
||
| 504 | _aSummary: While armies of the Shadowrealms gather and Macjiavelli goes to Alcatraz to kill Perenelle Flamel, fifteen year old twins Sophie and Josh Newman accompany the Alchemyst to England to seek Gilgamesh. | ||
| 942 |
_2ddc _cFIC. _kFic. _n0 |
||
| 999 |
_c5019 _d5019 |
||